| 000 | 01536nam a22001937a 4500 | ||
|---|---|---|---|
| 999 |
_c7662 _d7662 |
||
| 003 | OSt | ||
| 005 | 20200317130644.0 | ||
| 008 | 200317b ||||| |||| 00| 0 eng d | ||
| 020 | _a9781856697569 | ||
| 082 |
_223 _a729 _bCAA |
||
| 100 | _aCaan, Shashi | ||
| 245 |
_aRethinking design and interiors : _bhuman beings in the built environment / _cShashi Caan |
||
| 260 |
_aLondon _bLaurence King Pub _cc2011 |
||
| 300 |
_a200 pages _billustrations (some color) _c25 cm |
||
| 505 | _aThe search for shelter: Shelter's human roots; The lost origins of building; Reclaiming the past -- Being: Interior space and the second skin; Extensions of self; The un-universal man; Design for basic human needs (measures of man); Design for well-being -- Inside: The emergence of prevailing stereotypes; The psychology analogy; Empirical knowledge; Designing habitable space -- Design: Toward a new design; Acknowledging design's complex nature; The development of experiential knowledge; Establishing a protocol for phenomenological investigations; The identification of qualitative design factors -- Epilogue: out from within. | ||
| 520 | _aThe book is divided into four chapters that explore aspects of the human experience of the interior, from man's earliest search for shelter to an outline of past and current thinking on design, psychology and well-being.It is a fascinating exploration of how art and science come together for the benefit of those who inhabit the built environment. | ||
| 653 | _aacademic liaison librarian | ||
| 942 | _2ddc | ||